Tekst Hymnu o miłości - Statystyki

Ogólne statystyki
  • Ten quiz został rozwiązany 47 razy
  • Średni wynik to 3 z 12
Statystyki odpowiedzi
Hint Odpowiedź % Poprawnych
A miłości bym Nie miał
90%
Stałbym się Jak miedź brzęcząca Albo cymbał brzmiący
87%
Gdybym mówił językami Ludzi i aniołów
77%
Miłość nie zazdrości Nie szuka poklasku
55%
Wszystko znosi wszystkiemu wierzy We wszystkim pokłada nadzieję
19%
I posiadał wszelką wiedzę I wszelką możliwą wiarę Tak iżbym góry przenosił
6%
A miłości bym nie miał byłbym niczym Miłość cierpliwa jest łaskawa jest
3%
Nie pamięta złego nie cieszy się z niesprawiedliwości Lecz współweseli z prawdą
0%
Nie unosi się pychą nie dopuszcza bezwstydu Nie szuka swego nie unosi się gniewem
0%
Gdybym też miał dar do Prowokowania i znał wszystkie tajemnice
0%
Wszystko przetrzyma miłość nigdy nie ustaje Tak więc trwają wiara nadzieja i miłość
0%
Te trzy z nich Zaś największa miłość
0%
Nie znaleziono quizów pasujących do podanych kryteriów
Rozkład punktacji
Procent ludzi z każdym wynikiem
Percentyl według liczby udzielonych odpowiedzi
Twoja historia wyników
Nie rozwiązałeś tego quizu